000 00467nam a22001817a 4500
003 MPLRDC
005 20220104143331.0
008 210129b ||||| |||| 00| 0 eng d
020 _a978-7-5164-0793-6
082 _a782.886 MY
100 _a张燕 编著
245 _a我的世界永不言败
_c
250 _a一版一刷
260 _a中国
_b企业管理出版社
_c2014
300 _b287
650 _a中国人物传记--马云
942 _cBK
_o782.886 MY
999 _c38899
_d38889